LDR 00859naa#a2200169#i#450# 001 RU\\bibl\19453 005 20260516081454.6 100 ## _a20260515b2026####ek#y0rusy0150####ca 102 ## _aRU 200 1# _aИНТРОДУКЦИЯ ЕЛИ СЕРБСКОЙ В ЛЕСОПАРКОВОМ УЧАСТКЕ ВНИИЛГИСБИОТЕХ _eСтатья/тезисы конференции 210 1# _aВоронеж _cВоронежский государственный лесотехнический университет имени Г.Ф. Морозова _d2026 215 ## _a6 с. 608 ## _aСтатья/тезисы конференции _2local 675 ## _aЛесное хозяйство. Лесоводство. 630 _z 700 #1 _aКомарова _gОльга Валерьевна 700 #1 _aШипилова _gВалентина Федоровна 856 4# _abibl.vgltu.ru _u